000 00864cab a2200301 4500
001 ABS67500
008 040302n2004 000 0 eng u
035 _a(Sirsi) u125296
245 _aFocus 1: East Midlands
260 _c2004
490 _aEstates Gazette
_v(0407) 14 February 2004, 67-89(10)
590 _aABS
650 _aEAST MIDLANDS
650 _aNOTTINGHAM
650 _aLEICESTER
650 _aDERBY
650 _aBOSTON
650 _aNORTHAMPTON
650 _aCORBY
650 _aTOURISM INDUSTRY
650 _aLINCOLN
650 _aPROPERTY-COMMERCIAL PROPERTY-OFFICE PROPERTY-OFFICE PROPERTY MARKET
650 _aLEISURE MARKET
650 _aPROPERTY-COMMERCIAL PROPERTY-RETAIL PROPERTY-RETAIL PROPERTY MARKET
650 _aBUSINESS PARKS
690 _aPROPERTY-COMMERCIAL PROPERTY-COMMERCIAL PROPERTY MARKET
942 _n0
999 _c74211
_d74211